<?xml version="1.0" encoding="UTF-8"?>
<record
    xmlns:xsi="http://www.w3.org/2001/XMLSchema-instance"
    xsi:schemaLocation="http://www.loc.gov/MARC21/slim http://www.loc.gov/standards/marcxml/schema/MARC21slim.xsd"
    xmlns="http://www.loc.gov/MARC21/slim">

  <leader>00405nam a22001457a 4500</leader>
  <controlfield tag="003">OSt</controlfield>
  <controlfield tag="005">20241111115430.0</controlfield>
  <controlfield tag="008">241111b        |||||||| |||| 00| 0 eng d</controlfield>
  <datafield tag="020" ind1=" " ind2=" ">
    <subfield code="a">9789355015365</subfield>
  </datafield>
  <datafield tag="040" ind1=" " ind2=" ">
    <subfield code="c"> </subfield>
  </datafield>
  <datafield tag="082" ind1=" " ind2=" ">
    <subfield code="a">621.3/SIN</subfield>
    <subfield code="b">SIN</subfield>
  </datafield>
  <datafield tag="245" ind1=" " ind2=" ">
    <subfield code="a">Basic Electrical Engineering</subfield>
    <subfield code="c">Singh,Ravish</subfield>
  </datafield>
  <datafield tag="260" ind1=" " ind2=" ">
    <subfield code="b">S.Chand</subfield>
    <subfield code="c">2023</subfield>
  </datafield>
  <datafield tag="942" ind1=" " ind2=" ">
    <subfield code="2">ddc</subfield>
    <subfield code="c">BK</subfield>
    <subfield code="h">621.3/SIN</subfield>
    <subfield code="i">SIN</subfield>
    <subfield code="k">621.3</subfield>
    <subfield code="m">Sin</subfield>
    <subfield code="n">0</subfield>
  </datafield>
  <datafield tag="999" ind1=" " ind2=" ">
    <subfield code="c">36107</subfield>
    <subfield code="d">36107</subfield>
  </datafield>
  <datafield tag="952" ind1=" " ind2=" ">
    <subfield code="0">0</subfield>
    <subfield code="1">0</subfield>
    <subfield code="2">ddc</subfield>
    <subfield code="4">0</subfield>
    <subfield code="7">0</subfield>
    <subfield code="8">ECS</subfield>
    <subfield code="a">CRCE</subfield>
    <subfield code="b">CRCE</subfield>
    <subfield code="d">2024-11-11</subfield>
    <subfield code="g">499.00</subfield>
    <subfield code="i">AO/24/11/631 dt 08.11.2024</subfield>
    <subfield code="l">8</subfield>
    <subfield code="m">2</subfield>
    <subfield code="o">621.3/SIN</subfield>
    <subfield code="p">26531</subfield>
    <subfield code="r">2026-05-13</subfield>
    <subfield code="s">2026-02-27</subfield>
    <subfield code="w">2024-11-11</subfield>
    <subfield code="y">BK</subfield>
  </datafield>
  <datafield tag="952" ind1=" " ind2=" ">
    <subfield code="0">0</subfield>
    <subfield code="1">0</subfield>
    <subfield code="2">ddc</subfield>
    <subfield code="4">0</subfield>
    <subfield code="7">0</subfield>
    <subfield code="8">ECS</subfield>
    <subfield code="a">CRCE</subfield>
    <subfield code="b">CRCE</subfield>
    <subfield code="d">2024-11-11</subfield>
    <subfield code="g">499.00</subfield>
    <subfield code="i">AO/24/11/631 dt 08.11.2024</subfield>
    <subfield code="l">9</subfield>
    <subfield code="m">2</subfield>
    <subfield code="o">621.3/SIN</subfield>
    <subfield code="p">26532</subfield>
    <subfield code="r">2026-05-13</subfield>
    <subfield code="s">2026-04-13</subfield>
    <subfield code="w">2024-11-11</subfield>
    <subfield code="y">BK</subfield>
  </datafield>
  <datafield tag="952" ind1=" " ind2=" ">
    <subfield code="0">0</subfield>
    <subfield code="1">0</subfield>
    <subfield code="2">ddc</subfield>
    <subfield code="4">0</subfield>
    <subfield code="7">0</subfield>
    <subfield code="8">ECS</subfield>
    <subfield code="a">CRCE</subfield>
    <subfield code="b">CRCE</subfield>
    <subfield code="d">2024-11-11</subfield>
    <subfield code="g">499.00</subfield>
    <subfield code="i">AO/24/11/631 dt 08.11.2024</subfield>
    <subfield code="l">8</subfield>
    <subfield code="m">3</subfield>
    <subfield code="o">621.3/SIN</subfield>
    <subfield code="p">26533</subfield>
    <subfield code="r">2026-05-25</subfield>
    <subfield code="s">2026-05-13</subfield>
    <subfield code="w">2024-11-11</subfield>
    <subfield code="y">BK</subfield>
  </datafield>
  <datafield tag="952" ind1=" " ind2=" ">
    <subfield code="0">0</subfield>
    <subfield code="1">0</subfield>
    <subfield code="2">ddc</subfield>
    <subfield code="4">0</subfield>
    <subfield code="7">0</subfield>
    <subfield code="8">ECS</subfield>
    <subfield code="a">CRCE</subfield>
    <subfield code="b">CRCE</subfield>
    <subfield code="d">2024-11-11</subfield>
    <subfield code="g">499.00</subfield>
    <subfield code="i">AO/24/11/631 dt 08.11.2024</subfield>
    <subfield code="l">6</subfield>
    <subfield code="m">3</subfield>
    <subfield code="o">621.3/SIN</subfield>
    <subfield code="p">26534</subfield>
    <subfield code="r">2026-05-13</subfield>
    <subfield code="s">2026-02-25</subfield>
    <subfield code="w">2024-11-11</subfield>
    <subfield code="y">BK</subfield>
  </datafield>
  <datafield tag="952" ind1=" " ind2=" ">
    <subfield code="0">0</subfield>
    <subfield code="1">0</subfield>
    <subfield code="2">ddc</subfield>
    <subfield code="4">0</subfield>
    <subfield code="7">0</subfield>
    <subfield code="8">ECS</subfield>
    <subfield code="a">CRCE</subfield>
    <subfield code="b">CRCE</subfield>
    <subfield code="d">2024-11-11</subfield>
    <subfield code="g">499.00</subfield>
    <subfield code="i">AO/24/11/631 dt 08.11.2024</subfield>
    <subfield code="l">4</subfield>
    <subfield code="o">621.3/SIN</subfield>
    <subfield code="p">26535</subfield>
    <subfield code="r">2026-01-20</subfield>
    <subfield code="s">2026-01-13</subfield>
    <subfield code="w">2024-11-11</subfield>
    <subfield code="y">BK</subfield>
  </datafield>
  <datafield tag="952" ind1=" " ind2=" ">
    <subfield code="0">0</subfield>
    <subfield code="1">0</subfield>
    <subfield code="2">ddc</subfield>
    <subfield code="4">0</subfield>
    <subfield code="7">0</subfield>
    <subfield code="8">ECS</subfield>
    <subfield code="a">CRCE</subfield>
    <subfield code="b">CRCE</subfield>
    <subfield code="d">2024-11-11</subfield>
    <subfield code="g">499.00</subfield>
    <subfield code="i">AO/24/11/631 dt 08.11.2024</subfield>
    <subfield code="l">6</subfield>
    <subfield code="m">2</subfield>
    <subfield code="o">621.3/SIN</subfield>
    <subfield code="p">26536</subfield>
    <subfield code="r">2026-05-13</subfield>
    <subfield code="s">2026-04-06</subfield>
    <subfield code="w">2024-11-11</subfield>
    <subfield code="y">BK</subfield>
  </datafield>
  <datafield tag="952" ind1=" " ind2=" ">
    <subfield code="0">0</subfield>
    <subfield code="1">0</subfield>
    <subfield code="2">ddc</subfield>
    <subfield code="4">0</subfield>
    <subfield code="7">0</subfield>
    <subfield code="8">ECS</subfield>
    <subfield code="a">CRCE</subfield>
    <subfield code="b">CRCE</subfield>
    <subfield code="d">2024-11-11</subfield>
    <subfield code="g">499.00</subfield>
    <subfield code="i">AO/24/11/631 dt 08.11.2024</subfield>
    <subfield code="l">8</subfield>
    <subfield code="m">3</subfield>
    <subfield code="o">621.3/SIN</subfield>
    <subfield code="p">26537</subfield>
    <subfield code="r">2026-05-13</subfield>
    <subfield code="s">2026-04-20</subfield>
    <subfield code="w">2024-11-11</subfield>
    <subfield code="y">BK</subfield>
  </datafield>
  <datafield tag="952" ind1=" " ind2=" ">
    <subfield code="0">0</subfield>
    <subfield code="1">0</subfield>
    <subfield code="2">ddc</subfield>
    <subfield code="4">0</subfield>
    <subfield code="7">0</subfield>
    <subfield code="8">ECS</subfield>
    <subfield code="a">CRCE</subfield>
    <subfield code="b">CRCE</subfield>
    <subfield code="d">2024-11-11</subfield>
    <subfield code="g">499.00</subfield>
    <subfield code="i">AO/24/11/631 dt 08.11.2024</subfield>
    <subfield code="l">6</subfield>
    <subfield code="m">2</subfield>
    <subfield code="o">621.3/SIN</subfield>
    <subfield code="p">26538</subfield>
    <subfield code="r">2026-05-13</subfield>
    <subfield code="s">2026-04-17</subfield>
    <subfield code="w">2024-11-11</subfield>
    <subfield code="y">BK</subfield>
  </datafield>
  <datafield tag="952" ind1=" " ind2=" ">
    <subfield code="0">0</subfield>
    <subfield code="1">0</subfield>
    <subfield code="2">ddc</subfield>
    <subfield code="4">0</subfield>
    <subfield code="7">0</subfield>
    <subfield code="8">ECS</subfield>
    <subfield code="a">CRCE</subfield>
    <subfield code="b">CRCE</subfield>
    <subfield code="d">2024-11-11</subfield>
    <subfield code="g">499.00</subfield>
    <subfield code="i">AO/24/11/631 dt 08.11.2024</subfield>
    <subfield code="l">3</subfield>
    <subfield code="m">3</subfield>
    <subfield code="o">621.3/SIN</subfield>
    <subfield code="p">26539</subfield>
    <subfield code="r">2026-03-12</subfield>
    <subfield code="s">2026-01-16</subfield>
    <subfield code="w">2024-11-11</subfield>
    <subfield code="y">BK</subfield>
  </datafield>
  <datafield tag="952" ind1=" " ind2=" ">
    <subfield code="0">0</subfield>
    <subfield code="1">0</subfield>
    <subfield code="2">ddc</subfield>
    <subfield code="4">0</subfield>
    <subfield code="7">0</subfield>
    <subfield code="8">ECS</subfield>
    <subfield code="a">CRCE</subfield>
    <subfield code="b">CRCE</subfield>
    <subfield code="d">2024-11-11</subfield>
    <subfield code="g">499.00</subfield>
    <subfield code="i">AO/24/11/631 dt 08.11.2024</subfield>
    <subfield code="l">6</subfield>
    <subfield code="m">1</subfield>
    <subfield code="o">621.3/SIN</subfield>
    <subfield code="p">26540</subfield>
    <subfield code="r">2026-05-13</subfield>
    <subfield code="s">2026-04-22</subfield>
    <subfield code="w">2024-11-11</subfield>
    <subfield code="y">BK</subfield>
  </datafield>
</record>
